Matematičeskije metody avtomatizirovannovo projektirovanija /

Enregistré dans:
Détails bibliographiques
Auteurs principaux: Vjazgin, Viktor Aleksandrovič (Auteur), Fedorov, Vjačeslav Vasiljevič (Auteur)
Format: Livre
Publié: Moskva : Vyšča škola, 1989
Tags: Ajouter un tag
Pas de tags, Soyez le premier à ajouter un tag!

MARC

LEADER 00000nam a22000003a 4500
001 stu16380
005 20150617225756.9
008 ------s1989----xxr---------------------d
040 |a STU  |b slo 
041 0
044 |a xxr 
080 |a 518 
100 1 |a Vjazgin, Viktor Aleksandrovič  |4 aut 
245 1 |a Matematičeskije metody avtomatizirovannovo projektirovanija /  |c [aut.]Vjazgin,Viktor Aleksandrovič, Fedorov,Vjačeslav Vasiljevič 
260 |a Moskva :  |b Vyšča škola,  |c 1989 
300 |a 183 :  |b Grafy,lit 
700 1 |a Fedorov, Vjačeslav Vasiljevič  |4 aut 
996 |b C86114  |c C*86114  |l CCXVI  |s P  |a 0  |w stu16380_0001